Nghiên cứu chiết tách và xác định thành phần hóa học trong rễ cau nổi ở huyện

Nghiên cứu quá trình chiết tách các hợp chất hóa học từ rễ cau nổi. Xác định thành phần hóa học trong dịch chiết.

Gespeichert in:
Bibliographische Detailangaben
1. Verfasser: Lê Thị Mỹ Ly
Weitere Verfasser: Phan Thảo Thơ (Hướng dẫn)
Format: Buch
Veröffentlicht: Đà Nẵng Đại học Sư phạm, Đại học Đà Nẵng 2012
Schlagworte:
Tags: Tag hinzufügen
Keine Tags, Fügen Sie den ersten Tag hinzu!
Thư viện lưu trữ: Mạng thư viện Đại học Đà Nẵng
LEADER 01723nam a2200337 4500
001 000017565
003 13984
005 20130510100514.0
008 130425s2012 sd
082 |a 664.8046  |b LÊ-L 
100 1 |a Lê Thị Mỹ Ly 
245 |a Nghiên cứu chiết tách và xác định thành phần hóa học trong rễ cau nổi ở huyện  |c Lê Thị Mỹ Ly ; Phan Thảo Thơ hướng dẫn  |k Khóa luận tốt nghiệp 
260 |a Đà Nẵng  |b Đại học Sư phạm, Đại học Đà Nẵng  |c 2012 
300 |a 44 tr.  |b Hình mh.  |c 29 cm.  |e Đĩa CD, bản tóm tắt 
500 |a Khóa luận tốt nghiệp đại học. Chuyên ngành: Cử nhân Hóa Dược 
504 |a Mục lục đầu trang, tài liệu tham khảo tr. 73 - 74, phụ lục [13 tr.] 
520 |a Nghiên cứu quá trình chiết tách các hợp chất hóa học từ rễ cau nổi. Xác định thành phần hóa học trong dịch chiết. 
600 1 4 |b Vua  |c Đinh Tiên Hoàng 
650 0 4 |a Rễ cau nổi  |v Khóa luận tốt nghiệp  |x Nghiên cứu, chiết tách  |x Thành phần hóa học  |z Huế 
653 |a Khoa Hóa học  |a Thàn phần hóa học  |a Rễ cau nổi 
700 |a Phan Thảo Thơ  |e Hướng dẫn 
OWN |a LSP 
AVA |a UDN50  |b LSP  |d 664.8046 LÊ-L  |e available  |t Error 5001 Not defined in file expand_doc_bib_avail.  |f 1  |g 0  |h N  |i 0  |k 1 
999 |a From the UDN01 
AVA |a UDN50  |b LSP  |d 664.8046 LÊ-L  |e available  |t Error 5001 Not defined in file expand_doc_bib_avail.  |f 1  |g 0  |h N  |i 0  |k 1 
TYP |a Monograph 
TYP |a Printed language 
980 |a Mạng thư viện Đại học Đà Nẵng